|
|
|
|
| LEADER |
01113nam a2200265 4500 |
| 001 |
31716 |
| 003 |
BD-DhAAL |
| 008 |
170424t20041999-ukao||| |||| 001 0 eng d |
| 999 |
|
|
|c 38076
|d 38076
|
| 020 |
|
|
|a 9780500281239
|
| 040 |
|
|
|a BD-DhAAL
|c BD-DhAAL
|
| 082 |
0 |
0 |
|2 23
|a 720.92
|
| 100 |
1 |
|
|a Pawley, Martin
|9 21324
|
| 245 |
0 |
0 |
|a Norman foster: a global architecture /
|c Martin Pawley.
|
| 260 |
|
|
|b Universe Publisher,
|c 1999.
|a London :
|
| 300 |
|
|
|a 240 pages :
|b ill. (chiefly col.), ports., plans ;
|c 21 cm.
|
| 526 |
|
|
|a ARC
|
| 541 |
|
|
|e 31716
|
| 650 |
|
0 |
|a Architecture, Modern
|y 20th century.
|9 21325
|
| 650 |
|
0 |
|a Foster, Norman, 1935
|x Criticism and interpretation.
|9 21326
|
| 650 |
|
0 |
|a Architectural practice
|x International.
|9 21327
|
| 650 |
|
0 |
|a Architecture.
|9 42628
|
| 852 |
|
|
|a Ayesha Abed Library
|c General Stacks
|
| 942 |
|
|
|2 ddc
|c BK
|
| 952 |
|
|
|0 0
|1 0
|2 ddc
|4 0
|6 720_920000000000000_PAW
|7 0
|9 60421
|a BRACUL
|b BRACUL
|c GEN
|d 2017-04-20
|e Sarker Book Depot by Department of Architecture
|g 2732.50
|l 3
|m 18
|o 720.92 PAW
|p 3010031716
|r 2024-10-27
|s 2024-05-13
|t 1
|v 2732.50
|w 2017-04-20
|y BK
|x Transferred from ARC to BRACUL on 28/12/2023
|